000 00802nas a2200253 4500
001 BR2017000252
003 BR-BrBNA
005 20231205130825.0
007 ta
008 230509b bl.|||p| |||| 00| 00por d
040 _aBR-BrBNA
_bpor
_cBiblioteca Nacional de Agricultura
041 _a(Pt)
072 _aE50; C10
100 1 _aNey, M.G.
100 1 _aHoffmann, R.
245 1 _aEducação, concentração fundiária e desigualdade de rendimentos no meio rural brasileiro
650 _aSOCIOLOGIA RURAL
650 _aEDUCAÇÃO
650 _aRENDA DA TERRA
650 _aRECURSO HUMANO
773 0 _tRevista de Economia e Sociologia Rural (Brazil)
_xISSN 0103-2003
_g(Jan-Mar 2009), v. 47(1) p. 147-182
_wBR2017000252
909 _a202311
_bLúcia
_c55
_dLúcia Elande
942 _2AGRIS
_n0
_cANA
999 _c251475
_d251475